| 000 | 00699nam a2200265Ia 4500 | ||
|---|---|---|---|
| 005 | 20260121161444.0 | ||
| 008 | 008 260114s9999 xx 000 0 eng d | ||
| 020 | _a9781003274247 | ||
| 037 | _aEBOOK | ||
| 040 | _aCRL | ||
| 040 | _beng | ||
| 040 | _cCRL | ||
| 041 | _2eng | ||
| 041 | _aeng | ||
| 084 | _qCRL | ||
| 100 |
_aMaterial Aspects of Ferrofluids _91045086 |
||
| 245 | 0 | _aR. P. Pant; Vidya Nand Singh; Komal Jain; Arvind Gautam | |
| 260 | _bTaylor and Francis | ||
| 260 | _c2024 | ||
| 650 |
_aElectrical & Electronic Engineering _91045087 |
||
| 856 | _uhttp://www.taylorfrancis.com/books/9781003274247 | ||
| 942 | _cEBOOK | ||
| 999 |
_c1610951 _d1610951 |
||